00785cam a22002411 4500001001300000003000400013005001700017008004100034010001700075035002000092040004600112050001800158100005800176245005300234260004400287300002600331490005700357500001900414500004600433650002600479700002100505999001700526f 26000014 DLC20260227111249.0930729s1926 dcua 000 0 eng c af 26000014  a(OCoLC)28534129 aLibrary, U.S. Bur. of FisheriescNcDdDLC00aSH191.T5b.H51 aHildebrand, Samuel F.q(Samuel Frederick),d1883-194910aDiamond-back terrapin culture at Beaufort, N. C. a[Washington,bGovt. print. off.,c1926. a20 p.billus.c23 cm.0 aU. S. Bureau of Fisheries. Economic circularvno. 60 aCaption title. aAt head of title: Department of commerce. 0aDiamondback terrapin.1 aHatsel, Charles. c23280d23280